Normal view
MARC view
Entry Personal Name
001 - CONTROL NUMBER
- control field: 21020
003 - CONTROL NUMBER IDENTIFIER
- control field: OSt
005 - DATE AND TIME OF LATEST TRANSACTION
- control field: 20210128153751.0
008 - FIXED-LENGTH DATA ELEMENTS
- fixed length control field: 210128|| aca||aabn | a|a d
040 ## - CATALOGING SOURCE
- Original cataloging agency: OSt
- Transcribing agency: OSt
100 ## - HEADING--PERSONAL NAME
- Personal name: Shreevastav, K. N. P.
670 ## - SOURCE DATA FOUND
- Source citation: Work cat.: (OSt): Shreevastav, K. N. P., Basic of disaster management: , 2010
